Annual review of astronomy and astrophysics (Record no. 7835)

MARC details
000 -LEADER
fixed length control field 00727nam a2200205Ia 4500
003 - CONTROL NUMBER IDENTIFIER
control field IN-BaIIA
008 - FIXED-LENGTH DATA ELEMENTS--GENERAL INFORMATION
fixed length control field 211028s9999 xx 000 0 eng d
020 ## - INTERNATIONAL STANDARD BOOK NUMBER
International Standard Book Number 0-8243-0921-9
040 ## - CATALOGING SOURCE
Transcribing agency IIA Library
080 ## - UNIVERSAL DECIMAL CLASSIFICATION NUMBER
Universal Decimal Classification number 047.1:52
Item number ARA-21
245 #0 - TITLE STATEMENT
Title Annual review of astronomy and astrophysics
Remainder of title vol. 21
Statement of responsibility, etc. edited by Geoffrey Burbidge David Layzer and John G. Phillips
260 ## - PUBLICATION, DISTRIBUTION, ETC.
Place of publication, distribution, etc. Palo Alto
Name of publisher, distributor, etc. Annual Reviews
Date of publication, distribution, etc. 1983
300 ## - PHYSICAL DESCRIPTION
Extent 482p.
650 ## - SUBJECT ADDED ENTRY--TOPICAL TERM
Topical term or geographic name entry element Annual Reviews-Astronomy and Astrophysics
9 (RLIN) 8535
650 ## - SUBJECT ADDED ENTRY--TOPICAL TERM
Topical term or geographic name entry element Astronomy and Astrophysics Thesaurus
700 ## - ADDED ENTRY--PERSONAL NAME
Personal name Burbidge, Geoffrey, ed.
700 ## - ADDED ENTRY--PERSONAL NAME
Personal name Layzer, David, ed.
9 (RLIN) 4091
700 ## - ADDED ENTRY--PERSONAL NAME
Personal name Phillips, John G., ed.
9 (RLIN) 5230
942 ## - ADDED ENTRY ELEMENTS (KOHA)
Koha item type Books
952 ## - LOCATION AND ITEM INFORMATION (KOHA)
-- 30.00
Holdings
Withdrawn status Lost status Damaged status Not for loan Home library Current library Shelving location Date acquired Total Checkouts Full call number Barcode Date last seen Price effective from Koha item type
        IIA Library-Bangalore IIA Library-Kavalur General Stacks 20/01/1984   047.1:52/ ARA-21 8654 05/11/2021 20/01/1984 Books

Powered by Koha